000 00296nam a2200133Ia 4500
008 210210b1950 xxu||||| |||| 00| 0 eng d
041 _aeng
082 _a822/995
100 _aRAJAGOPALACHARI (C)
245 _aMahabharata
260 _a
_b-
_c1950
690 _aEnglish Prose
906 _a013178
999 _c132026
_d132026